[Event "DRUGA LIGA SRBIJE-GRUPA VOJVODINA 2018"]
[Site "Novi Sad"]
[Date "2018.11.11"]
[Round "4.5"]
[White "Ivancevic, Bozidar"]
[Black "Marjanusic, Vladimir"]
[Result "1/2-1/2"]
[WhiteElo "2090"]
[BlackElo "2197"]
[PlyCount "28"]
[EventDate "2018.11.09"]
[WhiteTeam "S.K. POLET- RASTINA"]
[BlackTeam "S.K. BACKA-PAČIR"]

1. Nf3 Nf6 2. b3 g6 3. Bb2 Bg7 4. c4 c5 5. g3 O-O 6. Bg2 Nc6 7. O-O d6 8. e3 e5
9. d3 Ne8 10. Nc3 Nc7 11. Nd2 f5 12. f4 exf4 13. gxf4 Re8 14. Re1 Be6 1/2-1/2